[Event "VIII Floripa Chess Open 2022 - LIRA - m"]
[Site "Lira Tênis Clube - Florianó"]
[Date "2022.01.25"]
[Round "3.208"]
[White "Espindola, Carlos Marcelo"]
[Black "Soares, Vinicius Tuma"]
[Result "1-0"]
[WhiteElo "1441"]
[BlackElo "1800"]
[PlyCount "75"]
[EventDate "2022.01.24"]
[EventRounds "10"]
[EventCountry "BRA"]

1. d4 d5 2. Nf3 Nc6 3. Bf4 Bf5 4. e3 Nf6 5. h3 e6 6. Nbd2 Bb4 7. c3 Be7 8. Bb5
a6 9. Bxc6+ bxc6 10. Ne5 Qc8 11. Nxc6 Bf8 12. Ne5 Bd6 13. Qa4+ c6 14. Qxc6+ Nd7
15. Qxd6 Nb8 16. O-O a5 17. Nef3 a4 18. Rfe1 Ra7 19. Qxb8 Ra8 20. Qxc8+ Rxc8
21. e4 dxe4 22. Nxe4 Ra8 23. Nd6+ Kf8 24. Nxf5 exf5 25. Bd6+ Kg8 26. Re7 Rd8
27. Bb4 Rb8 28. Rae1 g6 29. Re8+ Rxe8 30. Rxe8+ Kg7 31. Rxh8 Kxh8 32. d5 Kg7
33. d6 Kf6 34. d7 Ke6 35. d8=Q f6 36. Qe8+ Kd5 37. Qf7+ Ke4 38. Qc4# 1-0

[Event "VIII Floripa Chess Open 2022 - LIRA - m"]
[Site "Lira Tênis Clube - Florianó"]
[Date "2022.01.25"]
[Round "3.209"]
[White "Correa, Joao Pedro Vieira"]
[Black "Vilas Boas, Crisolon Terto"]
[Result "1-0"]
[WhiteElo "1864"]
[BlackElo "1488"]
[PlyCount "111"]
[EventDate "2022.01.24"]
[EventRounds "10"]
[EventCountry "BRA"]

1. e4 e5 2. Nf3 Nc6 3. Bb5 d6 4. O-O Nf6 5. Re1 Be7 6. c3 Bd7 7. d4 exd4 8.
cxd4 O-O 9. Nc3 a6 10. Bxc6 bxc6 11. h3 Qb8 12. Qc2 g6 13. Bh6 Re8 14. Rac1 Bf8
15. Bg5 Bg7 16. e5 dxe5 17. dxe5 Bf5 18. Qa4 Nd5 19. Nxd5 cxd5 20. b3 Be6 21.
Nd4 Qb7 22. Kh1 Rac8 23. Qc6 Qb6 24. Nf3 a5 25. Be3 Qxc6 26. Rxc6 Bd7 27. Rc5
Bxe5 28. Nxe5 Rxe5 29. Rxa5 c6 30. Rd1 g5 31. Bc5 g4 32. hxg4 Bxg4 33. Rd3 Be6
34. Rg3+ Kh8 35. Bd4 f6 36. Bxe5 fxe5 37. Re3 e4 38. f3 Bf5 39. fxe4 Bxe4 40.
Rc5 Re8 41. Re2 Re6 42. Rd2 Rd6 43. a4 d4 44. Rc4 Rh6+ 45. Kg1 Bd5 46. Rcxd4
Bxb3 47. Rd8+ Kg7 48. R2d7+ Kf6 49. Rd6+ Be6 50. Rxc6 Ke7 51. Rdd6 Rg6 52. a5
Bd7 53. Rxg6 hxg6 54. Rxg6 Bc8 55. a6 Bd7 56. a7 1-0

[Event "VIII Floripa Chess Open 2022 - LIRA - m"]
[Site "Lira Tênis Clube - Florianó"]
[Date "2022.01.25"]
[Round "3.210"]
[White "Lopes, Marcia Maria Dias"]
[Black "Oliveira, Francisco Evandro S"]
[Result "1-0"]
[WhiteElo "1363"]
[BlackElo "1437"]
[PlyCount "88"]
[EventDate "2022.01.24"]
[EventRounds "10"]
[EventCountry "BRA"]

1. d4 Nf6 2. Bf4 d6 3. Nf3 g6 4. e3 Bg7 5. c4 O-O 6. Be2 Nbd7 7. O-O Ne8 8. Nc3
f5 9. h3 Ndf6 10. Bh2 b6 11. b3 Bb7 12. d5 Ne4 13. Nxe4 Bxa1 14. Neg5 Bc8 15.
Qxa1 h6 16. Ne6 Bxe6 17. dxe6 Ng7 18. Nh4 Kh7 19. Bf3 Rb8 20. Bd5 g5 21. Nf3 g4
22. hxg4 fxg4 23. Nh4 Qe8 24. Qb1+ Kg8 25. Ng6 Rf6 26. Nf4 h5 27. Bg3 Rh6 28.
Bh4 Qf8 29. Ng6 Qe8 30. Nxe7+ Kf8 31. Qe4 Nxe6 32. Bxe6 Rxe6 33. Qxe6 Qf7 34.
Qxf7+ Kxf7 35. Nd5 c6 36. Nf4 Rh8 37. Rd1 Rd8 38. Nxh5 Rh8 39. Ng3 Rxh4 40.
Rxd6 c5 41. Rd7+ Ke6 42. Rxa7 Rh8 43. Rg7 Rd8 44. Rxg4 Kf7 1-0

[Event "VIII Floripa Chess Open 2022 - LIRA - m"]
[Site "Lira Tênis Clube - Florianó"]
[Date "2022.01.25"]
[Round "3.211"]
[White "Dos Santos, Douglas Asterio"]
[Black "Buganca, Luiz Henrique Da Si"]
[Result "0-1"]
[WhiteElo "1503"]
[BlackElo "1873"]
[PlyCount "43"]
[EventDate "2022.01.24"]
[EventRounds "10"]
[EventCountry "BRA"]

1. d4 Nf6 2. Nf3 c5 3. c3 d5 4. Bf4 Nc6 5. e3 Qb6 6. b3 Bf5 7. Nbd2 e6 8. Be2
cxd4 9. cxd4 h6 10. O-O Ba3 11. h3 O-O 12. Re1 Bb2 13. Rb1 Bxb1 14. Qxb1 Ba3
15. Bd3 Nb4 16. Ne5 Rac8 17. Ndf3 Rc3 18. e4 Nxd3 19. Rd1 Nxf4 20. exd5 exd5
21. g3 Nxh3+ 22. Kg2 0-1

[Event "VIII Floripa Chess Open 2022 - LIRA - m"]
[Site "Lira Tênis Clube - Florianó"]
[Date "2022.01.25"]
[Round "3.213"]
[White "Do Amaral E Silva, Larissa Blue"]
[Black "Vaz, Vania Dora Madona"]
[Result "1-0"]
[WhiteElo "1469"]
[BlackElo "1800"]
[PlyCount "53"]
[EventDate "2022.01.24"]
[EventRounds "10"]
[EventCountry "BRA"]

1. e4 e6 2. f4 d5 3. e5 Be7 4. Nf3 c5 5. d4 f6 6. c3 Nh6 7. Bd3 O-O 8. O-O Nf7
9. Qe1 c4 10. Bc2 Bd7 11. f5 fxe5 12. dxe5 exf5 13. e6 Qb6+ 14. Kh1 Bxe6 15.
Nd4 Nd8 16. Bxf5 Kh8 17. Bxe6 Rxf1+ 18. Qxf1 Nxe6 19. Qf7 Nc6 20. Nxe6 Bf6 21.
Bh6 Rg8 22. b3 Ne5 23. Bxg7+ Bxg7 24. Qf5 Qe3 25. Na3 Qxc3 26. Ng5 Qxa1+ 27.
Nb1 1-0

[Event "VIII Floripa Chess Open 2022 - LIRA - m"]
[Site "Lira Tênis Clube - Florianó"]
[Date "2022.01.25"]
[Round "3.214"]
[White "Campagnolo, Bruna"]
[Black "Lima, Yuri Ramos Santos"]
[Result "1-0"]
[WhiteElo "1433"]
[BlackElo "1800"]
[PlyCount "79"]
[EventDate "2022.01.24"]
[EventRounds "10"]
[EventCountry "BRA"]

1. e4 c5 2. Nf3 d6 3. d4 cxd4 4. Nxd4 Nf6 5. Nc3 a6 6. Be3 e5 7. Nf3 Be7 8. Be2
O-O 9. O-O Ng4 10. Nd5 Nxe3 11. Nxe3 Nc6 12. Qd2 Be6 13. c3 b5 14. Nd5 Bxd5 15.
Qxd5 Qb6 16. Nd2 Rfc8 17. Kh1 Bg5 18. g3 Ne7 19. Qd3 d5 20. Nf3 dxe4 21. Qxe4
f5 22. Qc2 Bf6 23. Qb3+ Kh8 24. a4 b4 25. a5 Qb7 26. Rfd1 g5 27. Qe6 Kg7 28.
Kg1 Qe4 29. Bc4 Rf8 30. Bd5 Nxd5 31. Qxd5 Qxd5 32. Rxd5 bxc3 33. bxc3 e4 34.
Nd4 Bxd4 35. cxd4 Rad8 36. Re5 Rxd4 37. Rc1 Kf6 38. Rcc5 Kg6 39. Rc6+ Kf7 40.
Ree6 1-0

[Event "VIII Floripa Chess Open 2022 - LIRA - m"]
[Site "Lira Tênis Clube - Florianó"]
[Date "2022.01.25"]
[Round "3.215"]
[White "Santana, Luiz Alberto"]
[Black "Koinski, Carlos Cesar"]
[Result "1/2-1/2"]
[WhiteElo "1770"]
[BlackElo "1431"]
[PlyCount "69"]
[EventDate "2022.01.24"]
[EventRounds "10"]
[EventCountry "BRA"]

1. d4 d5 2. Nf3 Nf6 3. e3 e6 4. a3 Be7 5. Nbd2 Nbd7 6. b3 c5 7. Bb2 cxd4 8.
Nxd4 a6 9. c4 O-O 10. Be2 Qc7 11. O-O Bd6 12. N2f3 Ng4 13. g3 Ndf6 14. Nd2 e5
15. N4f3 dxc4 16. Nxc4 Rd8 17. Nxd6 Rxd6 18. Qb1 Qb6 19. b4 e4 20. Bd4 Qd8 21.
Nd2 Bf5 22. Nc4 Re6 23. Rd1 Qc7 24. Qb2 b5 25. Na5 Ne5 26. Rac1 Qb8 27. Bxe5
Qxe5 28. Qxe5 Rxe5 29. Nc6 Ree8 30. Nd4 Bg6 31. Nb3 h6 32. Nc5 Reb8 33. Rd6 a5
34. Na6 Rb7 35. Nc5 1/2-1/2

[Event "VIII Floripa Chess Open 2022 - LIRA - m"]
[Site "Lira Tênis Clube - Florianó"]
[Date "2022.01.25"]
[Round "3.216"]
[White "De Sousa, Elizeu Santiago Tav"]
[Black "De Almeida, Leticia Moraes"]
[Result "1-0"]
[WhiteElo "1428"]
[BlackElo "1771"]
[PlyCount "65"]
[EventDate "2022.01.24"]
[EventRounds "10"]
[EventCountry "BRA"]

1. e4 e6 2. d4 d6 3. Nc3 Bd7 4. Bd3 Nc6 5. Nf3 Nb4 6. Bd2 Nc6 7. O-O f6 8. Be3
a6 9. a3 Nge7 10. Ne1 e5 11. dxe5 dxe5 12. Bc4 Na5 13. Ba2 Ng6 14. Qd5 Qe7 15.
Qxa5 Rc8 16. Nd5 Qd8 17. f4 Bd6 18. Nd3 Bc6 19. fxe5 fxe5 20. Rf5 Qh4 21. Nc3
Bxe4 22. Nxe4 Qxe4 23. Rf3 Nh4 24. Rg3 Nf5 25. Bd5 Nxg3 26. Bxe4 Nxe4 27. Rf1
Nf6 28. Nxe5 c6 29. Nd3 Ng4 30. Qh5+ g6 31. Qxg4 Rc7 32. Qe6+ Re7 33. Qc8# 1-0

[Event "VIII Floripa Chess Open 2022 - LIRA - m"]
[Site "Lira Tênis Clube - Florianó"]
[Date "2022.01.25"]
[Round "3.217"]
[White "Frassetto, Eduarda"]
[Black "Costa Neto, Luis Antonio"]
[Result "0-1"]
[WhiteElo "1761"]
[BlackElo "1422"]
[PlyCount "92"]
[EventDate "2022.01.24"]
[EventRounds "10"]
[EventCountry "BRA"]

1. d4 e6 2. Bf4 d5 3. Nf3 Nf6 4. e3 c5 5. c3 Nc6 6. c4 cxd4 7. exd4 Bb4+ 8.
Nbd2 dxc4 9. a3 Bxd2+ 10. Qxd2 b5 11. g3 Bb7 12. Bg2 Ne4 13. Qe3 Qa5+ 14. Nd2
Nxd2 15. Qxd2 Qb6 16. Be3 Rd8 17. d5 Qa5 18. Qxa5 Nxa5 19. Bxa7 Nb3 20. Rd1
Bxd5 21. O-O O-O 22. h4 Bxg2 23. Kxg2 Rd3 24. Rxd3 cxd3 25. Rd1 Rd8 26. Be3 e5
27. Kf3 f5 28. g4 g6 29. gxf5 gxf5 30. Rg1+ Kf7 31. Rd1 Na5 32. Ra1 Nc4 33. b3
e4+ 34. Kf4 Nxe3 35. Kxe3 Kf6 36. a4 b4 37. a5 Ke5 38. Ra4 f4+ 39. Kd2 Ra8 40.
a6 Kd5 41. Ra5+ Kd4 42. Ra2 e3+ 43. Kd1 Rg8 44. Kc1 Kc3 45. Rd2 exd2+ 46. Kb1
Kxb3 0-1

[Event "VIII Floripa Chess Open 2022 - LIRA - m"]
[Site "Lira Tênis Clube - Florianó"]
[Date "2022.01.25"]
[Round "3.218"]
[White "Da Silva, Joao Fernandes"]
[Black "Furtado, Ian"]
[Result "1-0"]
[WhiteElo "1414"]
[BlackElo "1740"]
[PlyCount "55"]
[EventDate "2022.01.24"]
[EventRounds "10"]
[EventCountry "BRA"]

1. e4 e5 2. Nf3 Nf6 3. Nxe5 d6 4. Nf3 Nxe4 5. d4 c5 6. Bd3 Bf5 7. O-O cxd4 8.
Bxe4 Bxe4 9. Re1 d5 10. Nxd4 Bc5 11. f3 Qe7 12. fxe4 dxe4 13. Nc3 Bd6 14. Rxe4
Qxe4 15. Nxe4 Be5 16. Nf5 O-O 17. Qg4 g6 18. Ng5 gxf5 19. Qh4 Kg7 20. Qxh7+ Kf6
21. Qh6+ Ke7 22. Qh7 Bf6 23. Bf4 Bxb2 24. Re1+ Kd7 25. Qxf5+ Kd8 26. Rd1+ Ke7
27. Nh7 Rd8 28. Qe4+ 1-0

[Event "VIII Floripa Chess Open 2022 - LIRA - m"]
[Site "Lira Tênis Clube - Florianó"]
[Date "2022.01.25"]
[Round "3.219"]
[White "Da Silva, Miguel Michels"]
[Black "Marocco, Gabriel Leao Quadro"]
[Result "0-1"]
[WhiteElo "1730"]
[BlackElo "1410"]
[PlyCount "37"]
[EventDate "2022.01.24"]
[EventRounds "10"]
[EventCountry "BRA"]

1. d4 Nf6 2. c4 g6 3. Nf3 Bg7 4. Nc3 d5 5. Bg5 c6 6. e3 O-O 7. Be2 Nbd7 8. O-O
Re8 9. Qb3 Qb6 10. Qxb6 Nxb6 11. b3 dxc4 12. Bxc4 Nbd7 13. h3 c5 14. Bf4 b6 15.
a4 Bb7 16. Rfd1 Ne4 17. Nxe4 Bxe4 18. Nd2 Bb7 19. Bd3 {illegivel} 0-1

[Event "VIII Floripa Chess Open 2022 - LIRA - m"]
[Site "Lira Tênis Clube - Florianó"]
[Date "2022.01.25"]
[Round "3.220"]
[White "Rodrigues Mota, Sophia Lorena"]
[Black "Roeder, Larissa Taina"]
[Result "1-0"]
[WhiteElo "1408"]
[BlackElo "1696"]
[PlyCount "85"]
[EventDate "2022.01.24"]
[EventRounds "10"]
[EventCountry "BRA"]

1. e4 d5 2. Nf3 e6 3. d4 c5 4. exd5 exd5 5. Nc3 Nf6 6. Bg5 cxd4 7. Qxd4 Be7 8.
O-O-O Be6 9. Bb5+ Nc6 10. Rhe1 O-O 11. Qa4 Qc7 12. h3 a6 13. Bxc6 Qxc6 14. Qxc6
bxc6 15. Nd4 h6 16. Nxe6 fxe6 17. Rxe6 hxg5 18. Rxe7 Rf7 19. Rxf7 Kxf7 20. Re1
g4 21. hxg4 Nxg4 22. f3 Nf6 23. Na4 g5 24. Nc5 a5 25. Ne6 g4 26. Nd4 gxf3 27.
gxf3 c5 28. Nb3 c4 29. Nd4 Nd7 30. Nc6 Nf6 31. Ne5+ Kg7 32. Ng4 Nxg4 33. fxg4
Kf6 34. Rd1 Rd8 35. b3 cxb3 36. axb3 Kg5 37. Rd4 Kf6 38. c4 Ke5 39. Rxd5+ Rxd5
40. cxd5 Kxd5 41. Kd2 Kd4 42. g5 Ke5 43. Kd3 1-0